| 000 | 00426nam a22001577a 4500 | ||
|---|---|---|---|
| 008 | 230531b |||||||| |||| 00| 0 eng d | ||
| 040 |
_aNational Science Library _cNational Science Library |
||
| 080 |
_a615.781 _bK6 |
||
| 100 |
_aWylie, W D _910447 |
||
| 245 | _aPractice of anaesthesia | ||
| 260 |
_aLondon: _bLloyd-Luke Ltd, _c1966 |
||
| 300 | _a1310p. | ||
| 650 | _aScience | ||
| 653 | _aBiology | ||
| 942 |
_2udc _cBK |
||
| 999 |
_c37085 _d37085 |
||